000 00861nam a22002297a 4500
005 20090320114937.0
008 090320t xxu||||| |||| 00| 0 eng d
010 _aB-317451
020 _a9781847391469
_c489.00
035 _aB-317451
037 _aUBH
_bRP/CL/Eng/E:13/20.2.09/21.2.09/25.2.09/28.2.09
040 _aDPL
_bEn
082 _a150-COV
100 _aCovey, Stephen R.
245 _a8th habit
_bfrom effectiveness to gratn ess
_hEn
260 _aLondon
_bSimon & Schuster UL Ltd.
_c2007
270 _aSimon & Schuster UK Ltd., CBS Company
_bGreat Britain
300 _axvi,409p.
_c20 cm, (Pb)
942 _2ddc
_cEN
999 _c25423
_d25423